LEADER 00838nam0-2200313---450- 001 990010060910403321 005 20160407153609.0 010 $a84-7090-185-0 035 $a001006091 035 $aFED01001006091 035 $a(Aleph)001006091FED01 035 $a001006091 100 $a20160407d1988----km-y0itay50------ba 101 0 $aspa 102 $aES 105 $a--------001yy 200 1 $aDe Ayala a Ayala$eestudios literarios y estilisticos$fRafael Lapesa 210 $aMadrid$cIstmo$d1988 215 $a359 p.$d23 cm 225 1 $aBella bellatrix 610 0 $aPoesia spagnola 676 $a861.009$v22$zita 700 1$aLapesa,$bRafael$f<1908-2001> 801 0$aIT$bUNINA$gRICA$2UNIMARC 901 $aBK 912 $a990010060910403321 952 $a861.009 LAP 1$bBibl.8707$fFLFBC 959 $aFLFBC 997 $aUNINA LEADER 01646nam 2200385 n 450 001 996396689703316 005 20200824120702.0 035 $a(CKB)4330000000337306 035 $a(EEBO)2248525841 035 $a(UnM)99848846e 035 $a(UnM)99848846 035 $a(EXLCZ)994330000000337306 100 $a19920121d1634 uy | 101 0 $aeng 135 $aurbn||||a|bb| 200 04$aThe elegant combat or, the mutuall entertainement between the two learned and famous Frenchmen Monseiur [sic] Du Moulin and Monseiur [sic] De Balzac$b[electronic resource] $eExtracted out of the originall, by Robert Codrington master of arts. And dedicated to the truely ennobled Master Anthony Mildemay 210 $aLondon $cPrinted by Anne Griffin$d1634 215 $a[112] p 300 $aAlso issued as part 2 of STC 7321.5. For another translation see STC 7344--STC. 300 $aRunning title reads: Venyes at eloquence. 300 $aSignatures: A-O?. 300 $aIdentified as STC 7322a on UMI microfilm reel 643.. 300 $aReproduction of the original in the Folger Shakespeare Library. 330 $aeebo-0055 700 $aDu Moulin$b Pierre$f1568-1658.$0183886 701 $aCodrington$b Robert$f1601-1665.$01003840 701 $aBalzac$b Jean-Louis Guez$cseigneur de,$f1597-1654.$0328842 801 0$bCu-RivES 801 1$bCu-RivES 801 2$bCStRLIN 801 2$bWaOLN 906 $aBOOK 912 $a996396689703316 996 $aThe elegant combat or, the mutuall entertainement between the two learned and famous Frenchmen Monseiur Du Moulin and Monseiur sic De Balzac$92368042 997 $aUNISA